00867cam a22002653a 45000010005000000030006000050050017000110080041000280400015000690420007000840500007000911000029000982450077001272600029002045060030002335160020002636530034002836530028003176530061003456530059004066530037004657000030005028300028005328560041005606046PGUSA20140828083127.0040701s2004||||xxu|||||s|||||000 | eng d aPGUSAbeng adc 4aBR1 aBunyan, John,d1628-168810aWorks of John Bunyan — Volume 01h[electronic resource] /cJohn Bunyan bProject Gutenberg,c2004 aPublic domain in the USA. aElectronic text aChristian literature, English aBunyan, John, 1628-1688 aAuthors, English -- Early modern, 1500-1700 -- Biography aChristian literature, English -- History and criticism aPuritans -- England -- Biography1 aOffor, George,d1787-1864 0aProject Gutenbergv604640uhttp://www.gutenberg.org/ebooks/6046